Statistics for Every EFL Championship Goalscorer (2019/20)

Click here to take the quiz!

General Stats

  • This quiz has been taken 227 times
    (107 since last reset)
  • The average score is 58 of 351

Answer Stats

Player% Correct
Aleksandar Mitrović
67%
Marley Watkins
64%
Ollie Watkins
64%
Patrick Bamford
60%
Saïd Benrahma
55%
Bradley Johnson
51%
Daniel Johnson
51%
Ezgjan Alioski
51%
Marvin Johnson
51%
Mateusz Klich
47%
Tom Cairney
47%
André Ayew
45%
Pablo Hernández
45%
Adam Armstrong
44%
Bobby Decordova-Reid
42%
Connor Roberts
42%
Kalvin Phillips
42%
Marc Roberts
42%
Matt Phillips
42%
Patrick Roberts
42%
Stuart Dallas
42%
Tyler Roberts
42%
Hélder Costa
40%
Jarrod Bowen
40%
Wayne Rooney
40%
Bradley Dack
38%
Bryan Mbeumo
38%
Kadeem Harris
38%
Lyle Taylor
38%
Matt Smith
38%
Lewis Grabban
36%
Luke Ayling
36%
Matheus Pereira
36%
Britt Assombalonga
35%
Cauley Woodrow
35%
Jake Cooper
35%
Kamil Grosicki
35%
Liam Cooper
35%
Pedro Pereira
35%
Charlie Austin
33%
Jack Harrison
33%
Tom Lawrence
33%
Antonee Robinson
31%
Callum Robinson
31%
Conor Gallagher
31%
Eberechi Eze
31%
Ivan Cavaleiro
31%
Jed Wallace
31%
Josh Dasilva
31%
Kieffer Moore
31%
Leonardo da Silva Lopes
31%
Martyn Waghorn
31%
Paul Gallagher
31%
Sam Gallagher
31%
Ashley Fletcher
29%
Chris Martin
29%
Izzy Brown
29%
Jacob Brown
29%
Semi Ajayi
29%
Aboubakar Kamara
27%
Andreas Weimann
27%
Junior Hoilett
27%
Karlan Grant
27%
Liam Moore
27%
Matthew Clarke
27%
Nahki Wells
27%
Neeskens Kebano
27%
Steven Fletcher
27%
Taylor Moore
27%
Ben Brereton
25%
Ethan Pinnock
25%
George Pușcaș
25%
Hal Robson-Kanu
25%
João Carvalho
25%
Lukas Jutkiewicz
25%
Mathias Jensen
25%
Paddy McNair
25%
Scott Hogan
25%
Ben White
24%
Callum Paterson
24%
Charlie Adam
24%
Jamie Paterson
24%
Joe Bryan
24%
Jude Bellingham
24%
Juninho Bacuna
24%
Leandro Bacuna
24%
Sammy Ameobi
24%
Conor Chaplin
22%
Henrik Dalsgaard
22%
James Collins
22%
Matty Cash
22%
Michael Morrison
22%
Sam Vokes
22%
Sean Morrison
22%
Tiago Silva
22%
Yakou Méïté
22%
Alex Mowatt
20%
Bersant Celina
20%
Christopher Schindler
20%
Daniel Ayala
20%
Dara O'Shea
20%
Famara Diédhiou
20%
Fraizer Campbell
20%
Ivan Šunjić
20%
Jack Marriott
20%
Jamal Lowe
20%
Joe Lolley
20%
Joel Valencia
20%
Louie Sibley
20%
Tyrese Campbell
20%
Ashley Williams
18%
Danny Graham
18%
Danny Ward
18%
Derrick Williams
18%
George Saville
18%
Jason Knight
18%
Joe Williams
18%
Lucas João
18%
Macauley Bonne
18%
Rhian Brewster
18%
Shaun Williams
18%
Steve Mounié
18%
Tom Eaves
18%
Aden Flint
16%
Ahmed Hegazi
16%
Anthony Knockaert
16%
Barry Bannan
16%
Borja Bastón
16%
Bright Osayi-Samuel
16%
Emiliano Marcondes
16%
Filip Krovinović
16%
Harlee Dean
16%
Ilias Chair
16%
Jackson Irvine
16%
Jacob Murphy
16%
Jake Livermore
16%
Jérémie Bela
16%
Joe Allen
16%
Jonathan Leko
16%
Jordan Hugill
16%
Josh Magennis
16%
Josh Murphy
16%
Julian Jeanvier
16%
Kenneth Zohore
16%
Kyle Bartley
16%
Mason Bennett
16%
Naby Sarr
16%
Ryan Yates
16%
Sam Clucas
16%
Sonny Bradley
16%
Aapo Halme
15%
Albert Adomah
15%
Benik Afobe
15%
Eddie Nketiah
15%
Elliot Lee
15%
Grady Diangana
15%
Harry Cornick
15%
James McClean
15%
Jayden Bogle
15%
Joe Worrall
15%
Kamohelo Mokotjo
15%
Kyle Naughton
15%
Lee Tomlin
15%
Lewis Wing
15%
Mallik Wilks
15%
Marcus Tavernier
15%
Omar Bogle
15%
Robert Glatzel
15%
Romaine Sawyers
15%
Rudy Gestede
15%
Sam Morsy
15%
Tom Bradshaw
15%
Alan Browne
13%
Alfa Semedo
13%
Corry Evans
13%
Cyrus Christie
13%
Darnell Furlong
13%
Duane Holmes
13%
Geoff Cameron
13%
Joe Ralls
13%
John Swift
13%
Jordan Rhodes
13%
Jordy de Wijs
13%
Josh Onomah
13%
Kristian Pedersen
13%
Lee Evans
13%
Lewis Holtby
13%
Maxime Colin
13%
Michael Dawson
13%
Nathaniel Mendez-Laing
13%
Nick Powell
13%
Patrick Bauer
13%
Pelly-Ruddock Mpanzu
13%
Ryan Manning
13%
Tom Ince
13%
Wayne Routledge
13%
Adam Reach
11%
Atdhe Nuhiu
11%
Ben Cabango
11%
Ben Watson
11%
Chey Dunkley
11%
Dominic Samuel
11%
Gary Gardner
11%
George Honeyman
11%
Jamie Shackleton
11%
Jayden Stockley
11%
Jón Daði Böðvarsson
11%
Josh Brownhill
11%
Josh Windass
11%
Kasey Palmer
11%
Kazenga LuaLua
11%
Kieran Gibbs
11%
Lee Gregory
11%
Mame Biram Diouf
11%
Mike van der Hoorn
11%
Pelé
11%
Sam Hutchinson
11%
Scott Sinclair
11%
Shaun Hutchinson
11%
Stewart Downing
11%
Tobias Figueiredo
11%
Tom Barkhuizen
11%
Tyler Walker
11%
Will Vaulks
11%
Ben Pearson
9%
Ben Thompson
9%
Cédric Kipré
9%
Curtis Nelson
9%
Darren Pratley
9%
Djed Spence
9%
Elias Kachunga
9%
Fernando Forestieri
9%
Herbie Kane
9%
Jacques Maghoma
9%
Jay Fulton
9%
Jon Gorenc Stanković
9%
Josh Cullen
9%
Julian Börner
9%
Liam Cullen
9%
Luke Thomas
9%
Marlon Pack
9%
Massimo Luongo
9%
Matty Pearson
9%
Niclas Eliasson
9%
Ovie Ejaria
9%
Seán Maguire
9%
Todd Kane
9%
Yan Dhanda
9%
Ádám Nagy
7%
Andrew Shinnie
7%
Andy Yiadom
7%
Callum Styles
7%
Connor Wickham
7%
Danny Batth
7%
Darragh Lenihan
7%
David Nugent
7%
Dominic Iorfa
7%
Graeme Shinnie
7%
Grant Hall
7%
Jordon Garrick
7%
Kevin Stewart
7%
Kieran Dowell
7%
Kyle Edwards
7%
Luke Amos
7%
Luke Berry
7%
Marcus Maddison
7%
Nathan Dyer
7%
Sam Surridge
7%
Tariqe Fosu
7%
Tom Huddlestone
7%
Tommy Rowe
7%
Aiden O'Brien
5%
Anthony Pilkington
5%
Ben Purrington
5%
Billy Bodin
5%
Callum McManaman
5%
Chris Willock
5%
Chuks Aneke
5%
Dan Crowley
5%
Emile Smith Rowe
5%
George Byers
5%
Harry Arter
5%
Harry Toffolo
5%
Hayden Coulson
5%
Isaac Vassell
5%
Jason Pearce
5%
Joe Garner
5%
Josh Harrop
5%
Kal Naismith
5%
Keane Lewis-Potter
5%
Lewis O'Brien
5%
Lewis Travis
5%
Martin Cranie
5%
Michael Jacobs
5%
Morgan Fox
5%
Morgan Whittaker
5%
Nathan Baker
5%
Odin Bailey
5%
Ryan Leonard
5%
Scott Malone
5%
Tom Lees
5%
Tosin Adarabioyo
5%
Alfie Doughty
4%
Álvaro Giménez
4%
André Green
4%
Bambo Diaby
4%
Ben Wilmot
4%
Brad Potts
4%
Callum O'Dowda
4%
Connor Mahoney
4%
Dan Potts
4%
Dominic Ball
4%
Donervon Daniels
4%
Elliot Simões
4%
George Moncur
4%
Jacob Butterfield
4%
Jake Clarke-Salter
4%
James Scott
4%
Jayson Molumby
4%
Jiří Skalák
4%
Joe Gelhardt
4%
Joe Rafferty
4%
Jordan Obita
4%
Josh Davison
4%
Kerim Mrabti
4%
Liam Lindsay
4%
Louis Moult
4%
Luka Racic
4%
Matt Miazga
4%
Nathan Byrne
4%
Nathan Ferguson
4%
Patrick Schmidt
4%
Sam Baldock
4%
Sam Winnall
4%
Trevoh Chalobah
4%
Andy Rinomhota
2%
Cameron McGeehan
2%
Clarke Oduor
2%
Conor Masterson
2%
Daniel Batty
2%
Filip Benković
2%
Fran Villalba
2%
Garath McCleary
2%
George Lapslie
2%
Joe Rothwell
2%
John Buckley
2%
Josh Bowler
2%
Marc Pugh
2%
Matty Daly
2%
Mike-Steven Bähre
2%
Ryan Tunnicliffe
2%

Score Distribution

Percentile by Number Answered

Percent of People with Each Score

Your Score History

You have not taken this quiz since the last reset